000 00349 a2200157 4500
001 57396
020 _a8532212190
040 _cAnchieta - Pituba
100 _aVasconcellos, CecĂ­llia
240 1 0 _aNas pernas da mentira
_lpor
245 1 0 _aNas pernas da mentira
300 _a77
362 0 _a1994
650 4 _aLiteratura juvenil
942 _cBK
999 _c57396
_d57396